| 000 | 00540nam a2200181Ia 4500 | ||
|---|---|---|---|
| 003 | IN-BaIIA | ||
| 008 | 211028s9999 xx 000 0 eng d | ||
| 040 | _cIIA Library | ||
| 080 |
_a530.1 _bTHE |
||
| 245 | 0 |
_aTheoretical physics in the twentieth century _cedited by M. Fierz and V. F. Weisskopf |
|
| 260 |
_aNew York _bInterscience Publishers _c1960 |
||
| 300 | _ax, 328p. | ||
| 650 | _aNASA thesaurus | ||
| 650 |
_aTheoretical physics _91581 |
||
| 700 |
_aFierz, M., ed. _93832 |
||
| 700 |
_aWeisskopf, V. F., ed. _93833 |
||
| 942 | _cBK | ||
| 999 |
_c2028 _d2028 |
||